00350nam a2200109Ia 4500008004100000082000800041100002100049245005200070942000600122952009700128999001500225240331s9999 xx 000 0 und d bTHI aThiruchandran, S 0aMattu noakil chila karuththukkalum nihalvukalum cL 001040708LaWERCLbWERCLcSSCd2024-03-31l0o 305.4 THIp1871r2024-03-31w2024-03-31yL c1718d1718